The Bull mountain coal field, Musselshell and Yellowstone counties, Montana, (Record no. 25778)

MARC details
000 -LEADER
fixed length control field 01092cam a22002771 4500
001 - CONTROL NUMBER
control field gs 17000343
003 - CONTROL NUMBER IDENTIFIER
control field DLC
005 - DATE AND TIME OF LATEST TRANSACTION
control field 20260227111321.0
008 - FIXED-LENGTH DATA ELEMENTS--GENERAL INFORMATION
fixed length control field 720330s1917 xx abf 000 0 eng
010 ## - LIBRARY OF CONGRESS CONTROL NUMBER
LC control number gs 17000343
035 ## - SYSTEM CONTROL NUMBER
System control number (OCoLC)273203
040 ## - CATALOGING SOURCE
Original cataloging agency DLC
Transcribing agency ODaWU
Modifying agency DLC
050 00 - LIBRARY OF CONGRESS CALL NUMBER
Classification number QE75
Item number .B9 no. 647
051 ## - LIBRARY OF CONGRESS COPY, ISSUE, OFFPRINT STATEMENT
Classification number TN805.M9
Item number W6
100 1# - MAIN ENTRY--PERSONAL NAME
Personal name Woolsey, Lester Hood,
Dates associated with a name 1877-
245 14 - TITLE STATEMENT
Title The Bull mountain coal field, Musselshell and Yellowstone counties, Montana,
Statement of responsibility, etc. by L. H. Woolsey, R. W. Richards and C. T. Lupton, comp. and ed. by E. Russell Lloyd.
260 ## - PUBLICATION, DISTRIBUTION, ETC.
Place of publication, distribution, etc. Washington,
Name of publisher, distributor, etc. Govt. Print. Off.,
Date of publication, distribution, etc. 1917.
300 ## - PHYSICAL DESCRIPTION
Extent 218 p.
Other physical details illus., xxxvi pl. (part fold., incl. maps) on 32 l.
Dimensions 23 cm.
410 20 - SERIES STATEMENT/ADDED ENTRY--CORPORATE NAME [OBSOLETE, CAN/MARC], [LOCAL, USA]
Corporate name or jurisdiction name as entry element Geological Survey (U.S.)
Title of a work Bulletin
Volume number/sequential designation 647
500 ## - GENERAL NOTE
General note At head of title: Department of the interior.
500 ## - GENERAL NOTE
General note Many of the plates printed on both sides of leaf.
650 #0 - SUBJECT ADDED ENTRY--TOPICAL TERM
Topical term or geographic name entry element Coal mines and mining
Geographic subdivision Montana.
700 1# - ADDED ENTRY--PERSONAL NAME
Personal name Richards, Ralph Webster,
Dates associated with a name 1879-
Relator term joint author.
700 1# - ADDED ENTRY--PERSONAL NAME
Personal name Lupton, Charles T.,
Relator term joint author.
700 1# - ADDED ENTRY--PERSONAL NAME
Personal name Lloyd, Edwin Russell,
Dates associated with a name 1882-
Relator term ed.

No items available.

Powered by Koha